000 00330nam a2200145Ia 4500
008 191201s2011 xx 000 0 und d
082 _a519.521
_bLEB
100 _aLEVINE, David M
245 0 _aBusiness Statistics
250 _a5th
260 _aN. delhi
_bpearson
_c2011
300 _a665
650 _aBBA
942 _2ddc
_cBK
_03
999 _c5127
_d5127